NLSUI OPAC header image

Motor vehicles act : As amended by act 54 of 1994 (Record no. 13207)

MARC details
000 -LEADER
fixed length control field 00429nam a2200157Ia 4500
008 - FIXED-LENGTH DATA ELEMENTS--GENERAL INFORMATION
fixed length control field 160316s1998 xxu||||| |||| 00| 0 eng d
082 ## - DEWEY DECIMAL CLASSIFICATION NUMBER
Classification number 343.094400
Item number BAS
100 ## - MAIN ENTRY--PERSONAL NAME
Personal name Basu N D
245 ## - TITLE STATEMENT
Title Motor vehicles act : As amended by act 54 of 1994
250 ## - EDITION STATEMENT
Edition statement 8th
260 ## - PUBLICATION, DISTRIBUTION, ETC.
Place of publication, distribution, etc. New Delhi
Name of publisher, distributor, etc. Ashoka Law House
Date of publication, distribution, etc. 1998
300 ## - PHYSICAL DESCRIPTION
Extent 1176p
Other physical details 20 cm
Dimensions xvi
365 ## - TRADE PRICE
Price amount Rs.720
650 ## - SUBJECT ADDED ENTRY--TOPICAL TERM
Topical term or geographic name entry element 1.Motor Vehicles Act - Commentary
700 ## - ADDED ENTRY--PERSONAL NAME
Personal name
--
Holdings
Withdrawn status Lost status Damaged status Not for loan Home library Current library Shelving location Date acquired Cost, normal purchase price Total Checkouts Full call number Barcode Date last seen Price effective from Koha item type
        . . Library Compactors 30.05.2017 720.00   343.0944 BAS 13565 30.05.2017 30.05.2017 BOOKs